000 00706nam a2200253Ia 4500
003 OSt
005 20220928111934.0
006 a|||||r|||| 00| 0
007 ta
008 220927b |||||||| |||| 00| 0 eng d
020 _c500
024 _a123909
037 _b365, 11/03/2014, Eastern Book Linkers
_cTextual
040 _aSDCL
_cSDCL
_beng
041 _2eng
_aeng
082 _aQ22, Q3
100 _aSrivastava V.C
_9394309
245 0 _aSamba-purana
260 _aDelhi
_bParimal Publications
_c2013
300 _aiv;299p
_ccm.
650 _aSanskrit
_9391587
942 _hQ22, Q3
_cTEXL
_2CC
999 _c742538
_d742538